| 000 | 01895cam a2200325 4500 | ||
|---|---|---|---|
| 001 | M1031 | ||
| 008 | 090401t1990 xxu||||| |||| 00| 0 eng d | ||
| 035 | _a(Sirsi) u29517 | ||
| 041 | _aeng | ||
| 050 | _a333.0061 | ||
| 110 |
_aRoyal Institution of Chartered Surveyors _94900 |
||
| 245 | _aRICS/CASLE: Surveying 2000: London 3-8 September 1990: Technical Seminar and 6th General Assembly. | ||
| 260 | _c1990 | ||
| 300 | _a262p. ; 30cm. | ||
| 350 | _a0 | ||
| 520 | _aPapers:- Managing land use and development/ Pearce, D.N. Idris, Sir - The cadastre as a tool of resource management/ Holstein, Lynn - Managing marine resources/ King, John - Urban infrastructure and public investment/ Howes, Christopher - Annacis Island/ Delmotte, Daryl J.A. - Public and private sector partnership.../ Metcalfe, John - It is common practice nowadays for public authorities and private organisations to undertake joint ventures for the promotion and implementation of development projects/ Anderson, Graham - The City of London/ Hartill, E.T. - Environmental impact assessment/ Lichfield, Nathaniel - IT: the present state of the art.../ McClaren, Robin A. - Comparison of relational and object-oriented models for spatial data/ Lee, Y.C. - Progress in LIS in Singapore/ Goh, Pong-Chai - Institutional issues in the exchange of data/ Dale, Peter F. - Toward a new curriculum.../ McLaughlin J. & Nichols, S. - Continuing professional development/ Vine, Dennis - Development project | ||
| 650 | _aCASLE | ||
| 650 | _aCOMPUTERS | ||
| 650 | _aCONFERENCES | ||
| 650 | _aCPD | ||
| 650 | _aCAREERS, EDUCATION AND TRAINING | ||
| 650 | _aENVIRONMENTAL ASSESSMENT | ||
| 650 | _aINVESTMENT | ||
| 650 | _aMANAGEMENT-PROJECT MANAGEMENT | ||
| 650 | _aRESOURCES | ||
| 650 | _aSURVEYORS | ||
| 710 |
_aCommonwealth Association of Surveying and Land Economy _92570 |
||
| 942 | _n0 | ||
| 948 | _c04/03/1997 | ||
| 999 |
_c89427 _d89427 |
||